Lord of The Rings - The Rings inscription - Statistics

General Stats
  • This quiz has been taken 317 times
    315 since last reset
  • The average score is 21 of 23
Answer Stats
Answer % Correct
One
100%
Ring
100%
To
100%
All,
99%
Them
99%
One
98%
Ring
98%
Rule
98%
To
97%
Them,
96%
One
95%
Ring
94%
To
94%
Find
93%
Them
89%
And
86%
In
86%
All,
83%
Bind
82%
Darkness
82%
The
82%
Them.
82%
Bring
79%
No matching quizzes found
Score Distribution
Percent of People with Each Score
Percentile by Number Answered
Your Score History
You have not taken this quiz since the last reset